|
|
|
|
| LEADER |
00788nam a22002171a 4500 |
| 001 |
c000174921 |
| 003 |
CARM |
| 005 |
20041029140935.0 |
| 008 |
901116s1956 enk 000 0 eng d |
| 019 |
1 |
|
|a 8838843
|5 LACONCORD2021
|
| 035 |
|
|
|a (OCoLC)4670559
|5 LACONCORD2021
|
| 040 |
|
|
|a ANL
|b eng
|c ANL
|d VCAV
|
| 082 |
0 |
4 |
|a 631.53
|2 20
|
| 100 |
1 |
|
|a Gardiner, George Frederick.
|
| 245 |
1 |
0 |
|a Pictorial plant propagation /
|c George Frederick Gardiner.
|
| 260 |
|
|
|a London :
|b Pearson,
|c [1956].
|
| 300 |
|
|
|a 152 p. :
|b ill. ;
|c 21 cm.
|
| 650 |
|
0 |
|a Plant breeding.
|
| 852 |
8 |
|
|b CARM
|h A2:AK15B0
|i B05345
|p 0247188
|f BK
|
| 999 |
f |
f |
|i d377f9f3-5e7a-5852-8ff2-b7c18947467c
|s 5b12c270-d0e1-50c9-9209-03c31ddc9cd7
|
| 952 |
f |
f |
|p Can circulate
|a CAVAL
|b CAVAL
|c CAVAL
|d CARM 1 Store
|e B05345
|f A2:AK15B0
|h Other scheme
|i book
|m 0247188
|